01248nam a2200253 a 4500001001000000005001700010008004100027020002100068020002100089050002100110245022000131260008200351300004000433500004300473504003100516505015000547610005800697650004100755650003100796650003200827700003400859700006300893700003800956BRCA_108620190320203255.0920428m19921994mx-a---##b---#000-0#spa-# a9686752005 (v.1) a9686963359 (v.2) 4aN6553b.M86 199210aPintura novohispanabMuseo Nacional del Virreinato : Tepotzotláncautores, Roberto M. Alarcón Cedillo, Ma. del Rosario García de Toxqui ; con la colaboración de Ana Joaquina Montalvo de Morales ... [et al.]. aMéxicobAsociación de Amigos del Museo Nacional del Virreinatoc1992-1994 a3 v.bil. (algunas a color)c30 cm. aLa biblioteca cuenta con el vol. 1 y 2 aBibliografía: p. 194-1950 aContenido : v.1. Siglos XVI, XVII y principios del XVIII. -- v.2. Siglos XVIII, XIX, and XX, primera parte. -- v.3. Siglos XVII-XX, segunda parte24aMuseo Nacional del Virreinato (México)vCatálogos14aArte colonialvCatálogoszMéxico14aArte mexicanovCatálogos14aArtevCatálogoszMéxico1 aAlarcón Cedillo, Roberto M.1 aGarcía de Toxqui, Ma. del Rosarioq(María del Rosario)1 aMontalvo de Morales, Ana Joaquina